Foundations for health promotion. / (Record no. 7351)
[ view plain ]
| 000 -LEADER | |
|---|---|
| fixed length control field | 01609nam a22002297a 4500 |
| 003 - CONTROL NUMBER IDENTIFIER | |
| control field | OSt |
| 005 - DATE AND TIME OF LATEST TRANSACTION | |
| control field | 20231016114034.0 |
| 008 - FIXED-LENGTH DATA ELEMENTS--GENERAL INFORMATION | |
| fixed length control field | 151029b xxu||||| |||| 00| 0 eng d |
| 020 ## - INTERNATIONAL STANDARD BOOK NUMBER | |
| International Standard Book Number | 978070254426 |
| 040 ## - CATALOGING SOURCE | |
| Transcribing agency | LC |
| 050 ## - LIBRARY OF CONGRESS CALL NUMBER | |
| Classification number | RT42.N14 |
| 100 ## - MAIN ENTRY--PERSONAL NAME | |
| Personal name | Naidoo, Jennie. |
| 9 (RLIN) | 2574 |
| 245 ## - TITLE STATEMENT | |
| Title | Foundations for health promotion. / |
| Statement of responsibility, etc. | Jennie Naidoo, Jane Wills |
| 250 ## - EDITION STATEMENT | |
| Edition statement | 4th. ed. |
| 260 ## - PUBLICATION, DISTRIBUTION, ETC. | |
| Place of publication, distribution, etc. | London: |
| Name of publisher, distributor, etc. | Elsevier, |
| Date of publication, distribution, etc. | 2016. |
| 300 ## - PHYSICAL DESCRIPTION | |
| Extent | ix, 335p.: |
| Other physical details | ills. glossary, index ; |
| Dimensions | 28cm. |
| 500 ## - GENERAL NOTE | |
| General note | Includes glossary and index. |
| 505 ## - FORMATTED CONTENTS NOTE | |
| Formatted contents note | Content: Conceptual foundations and theoretical approaches: Health promotion: Past, present, and future -- Nursing concepts and health promotion -- Theoretical foundations of health promotion -- The role of the nurse in health promotion -- Factors influencing health promotion: Communication -- Cultural considerations -- Environmental considerations -- Environmental factors -- The mind-body-spirit connection -- Promoting health throughout the life cycle: Promoting mother, infant, and toddler health -- The child -- The adolescent and young adult -- The middle-aged adult -- The older adult -- Health promotion through end-of-life -- Health-promotion strategies and interventions: Embracing proper nutrition -- Engaging in physical fitness -- Controlling weight -- Avoiding tobacco, alcohol, and substance abuse -- Enhancing holistic care -- Health-promotion concerns: Concerns of the health professional -- Economic and quality concerns -- Ethical, legal, and political concerns. |
| 650 ## - SUBJECT ADDED ENTRY--TOPICAL TERM | |
| Topical term or geographic name entry element | Health Promotion |
| 9 (RLIN) | 148 |
| 700 ## - ADDED ENTRY--PERSONAL NAME | |
| Personal name | Wills, Jane |
| 9 (RLIN) | 2575 |
| 942 ## - ADDED ENTRY ELEMENTS (KOHA) | |
| Source of classification or shelving scheme | Library of Congress Classification |
| Koha item type | Books |
| Withdrawn status | Lost status | Source of classification or shelving scheme | Damaged status | Not for loan | Home library | Current library | Shelving location | Date acquired | Full call number | Barcode | Date last seen | Price effective from | Koha item type | Copy number |
|---|---|---|---|---|---|---|---|---|---|---|---|---|---|---|
| Library of Congress Classification | WISCONSIN INTERNATIONAL UNIVERSITY COLLEGE, GHANA KUMASI LIBRARY | WISCONSIN INTERNATIONAL UNIVERSITY COLLEGE, GHANA KUMASI LIBRARY | nursing | 28/06/2019 | RT42.N14(4e) | KSN/175/19 | 15/06/2020 | 15/06/2020 | Books | |||||
| Library of Congress Classification | WISCONSIN INTERNATIONAL UNIVERSITY COLLEGE, GHANA KUMASI LIBRARY | WISCONSIN INTERNATIONAL UNIVERSITY COLLEGE, GHANA KUMASI LIBRARY | nursing | 28/06/2019 | RT42.N141(4e) | KSN/176/19 | 15/06/2020 | 15/06/2020 | Books | 2 |
